Incidents in applying management theory (Record no. 15337)
[ view plain ]
| 000 -LEADER | |
|---|---|
| fixed length control field | 00798cam a22002531 4500 |
| 001 - CONTROL NUMBER | |
| control field | 15337 |
| 003 - CONTROL NUMBER IDENTIFIER | |
| rucl marc code | BD-RjUL |
| 005 - DATE AND TIME OF LATEST TRANSACTION | |
| control field | 20211208235809.0 |
| 008 - FIXED-LENGTH DATA ELEMENTS--GENERAL INFORMATION | |
| fixed length control field | 140209s1966 caua 000 0 eng |
| 035 ## - SYSTEM CONTROL NUMBER | |
| System control number | (BD-RjUL)15391 |
| 040 ## - CATALOGING SOURCE | |
| Original cataloging agency | DLC |
| Transcribing agency | BD-RjUL |
| Modifying agency | BD-RjUL |
| -- | DLC |
| Language of cataloging | eng |
| 041 ## - LANGUAGE CODE | |
| Language code of text/sound track or separate title | eng |
| 082 ## - DEWEY DECIMAL CLASSIFICATION NUMBER | |
| Classification number | 658.007 |
| Author mark and year | FAI 1966 |
| 100 1# - MAIN ENTRY--PERSONAL NAME | |
| Personal name | Farmer, Richard N. |
| 9 (RLIN) | 19280 |
| 245 10 - TITLE STATEMENT | |
| Title | Incidents in applying management theory |
| Statement of responsibility, etc. | [by] Richard N. Farmer, Barry M. Richman [and] William G. Ryan. |
| 260 ## - PUBLICATION, DISTRIBUTION, ETC. (IMPRINT) | |
| Place of publication, distribution, etc. | Belmont, Calif., |
| Name of publisher, distributor, etc. | Wadsworth Pub. Co. |
| Date of publication, distribution, etc. | [1966] |
| 300 ## - PHYSICAL DESCRIPTION | |
| Pagination | xii, 191 p. |
| Illustrations | illus. |
| Size | 22 cm. |
| 650 #0 - SUBJECT ADDED ENTRY--TOPICAL TERM | |
| Topical term or geographic name as entry element | Industrial management |
| Form subdivision | Case studies. |
| 9 (RLIN) | 46274 |
| 700 1# - ADDED ENTRY--PERSONAL NAME | |
| Personal name | Richman, Barry M., |
| Personal name | Ryan, William G., |
| 942 ## - ADDED ENTRY ELEMENTS (KOHA) | |
| Source of classification or shelving scheme | Dewey Decimal Classification |
| Koha item type | Books |
| Lost status | Source of classification or shelving scheme | Damaged status | Not for loan | Collection code | Permanent Location | Current Location | Shelving location | Date acquired | Source of acquisition | Cost, normal purchase price | Total Checkouts | Full call number | Date last seen | Copy number | Koha item type |
|---|---|---|---|---|---|---|---|---|---|---|---|---|---|---|---|
| Dewey Decimal Classification | Non-fiction | Central Library, University of Rajshahi | Central Library, University of Rajshahi | 18/09/1972 | Zeitlinger | 1.95 | 658.007 FAI 1966 | 09/02/2014 | C-2 | Books | |||||
| Dewey Decimal Classification | Not For Loan | Non-fiction | Central Library, University of Rajshahi | Central Library, University of Rajshahi | Reading Room | 18/09/1972 | zeitlinger | 1.95 | 658.007 FAI 1966 | 17/04/2019 | C-1 | Books | |||
| Dewey Decimal Classification | Non-fiction | Central Library, University of Rajshahi | Central Library, University of Rajshahi | 18/09/1972 | zeitlinger | 1.95 | 658.007 FAI 1966 | 17/04/2019 | C-3 | Books | |||||
| Dewey Decimal Classification | Non-fiction | Central Library, University of Rajshahi | Central Library, University of Rajshahi | 18/09/1972 | zeitlinger | 1.95 | 658.007 FAI 1966 | 17/04/2019 | C-4 | Books | |||||
| Dewey Decimal Classification | Non-fiction | Central Library, University of Rajshahi | Central Library, University of Rajshahi | 18/09/1972 | zeitlinger | 1.95 | 658.007 FAI 1966 | 17/04/2019 | C-5 | Books | |||||
| Dewey Decimal Classification | Non-fiction | Central Library, University of Rajshahi | Central Library, University of Rajshahi | 18/09/1972 | zeitlinger | 1.95 | 658.007 FAI 1966 | 17/04/2019 | C-6 | Books |